[Event "20. Obert Int. Sant Marti 2018"]
[Site "Barcelona ESP"]
[Date "2018.07.17"]
[Round "5.22"]
[White "Deepak, Katiyar"]
[Black "Gonzalez Rodriguez, Jorge A."]
[Result "1-0"]
[WhiteElo "2108"]
[BlackElo "2271"]
[PlyCount "87"]
[EventDate "2018.07.13"]
[EventType "swiss"]
[EventRounds "9"]
[EventCountry "ESP"]
[SourceTitle "Ajedrez en Madrid"]
[Source "lmi"]
[SourceDate "2018.07.13"]
[SourceVersion "1"]
[SourceVersionDate "2019.06.21"]
[SourceQuality "1"]

1. e4 e6 2. d4 d5 3. Nd2 Nf6 4. e5 Nfd7 5. f4 c5 6. c3 Nc6 7. Ndf3 f5 8. Bd3
Be7 9. Ne2 c4 10. Bc2 b5 11. a3 a5 12. h3 Nb6 13. g4 O-O 14. Ng3 Bd7 15. Qe2
Bh4 16. Nxh4 Qxh4 17. Kf2 Ne7 18. Kg2 Be8 19. Be3 Qh6 20. h4 Qg6 21. h5 Qf7 22.
g5 Bd7 23. g6 Qe8 24. gxh7+ Kxh7 25. Rag1 Ng8 26. h6 g6 27. Rh3 b4 28. Nf1 bxa3
29. bxa3 Ba4 30. Bc1 Bb3 31. Kh1 Na4 32. Bb1 Rb8 33. Nd2 Rb7 34. Nf3 Kh8 35.
Ng5 Qc6 36. Bd2 Nb2 37. Be3 Na4 38. Bf2 Ne7 39. Bh4 Nc8 40. h7 Qe8 41. Qg2 Ncb6
42. Nf7+ Rbxf7 43. Qxg6 Nd7 44. Qg8+ 1-0

[Event "20. Obert Int. Sant Marti 2018"]
[Site "Barcelona ESP"]
[Date "2018.07.17"]
[Round "5.23"]
[White "Anustoop, Biswas"]
[Black "Blasco Coll, Andreu"]
[Result "1/2-1/2"]
[WhiteElo "2052"]
[BlackElo "2242"]
[PlyCount "110"]
[EventDate "2018.07.13"]
[EventType "swiss"]
[EventRounds "9"]
[EventCountry "ESP"]
[SourceTitle "Ajedrez en Madrid"]
[Source "lmi"]
[SourceDate "2018.07.13"]
[SourceVersion "1"]
[SourceVersionDate "2019.06.21"]
[SourceQuality "1"]

1. e4 c5 2. Nc3 Nc6 3. f4 e6 4. Nf3 d5 5. Bb5 Nge7 6. exd5 exd5 7. Qe2 f6 8. b3
Kf7 9. O-O a6 10. Bxc6 Nxc6 11. Bb2 Be7 12. Nh4 Re8 13. Qh5+ Kg8 14. Qxd5+ Qxd5
15. Nxd5 Bd6 16. Nb6 Rb8 17. Nxc8 Rbxc8 18. Nf5 Bb8 19. Rf3 g6 20. Ne3 Nd4 21.
Bxd4 cxd4 22. Nd5 Kf7 23. c4 dxc3 24. dxc3 b5 25. a4 Red8 26. Nb4 a5 27. Nc2
Rd2 28. Na3 bxa4 29. bxa4 Bd6 30. h3 Bxa3 31. Rxa3 Rb8 32. c4 Rbb2 33. Rg3 h5
34. Rad3 Rb1+ 35. Kh2 Rxd3 36. Rxd3 Rb4 37. f5 Rxc4 38. Rd7+ Ke8 39. Ra7 Rxa4
40. fxg6 Kf8 41. Rf7+ Kg8 42. Rxf6 Kg7 43. Ra6 h4 44. Kg1 Ra2 45. Rc6 Rb2 46.
Ra6 Ra2 47. Rb6 Ra4 48. Kf2 Rf4+ 49. Kg1 Rf6 50. Rb7+ Kxg6 51. Ra7 Rf5 52. Kh2
Kg5 53. Rg7+ Kf6 54. Rg4 Rd5 55. Ra4 Ke6 1/2-1/2

[Event "20. Obert Int. Sant Marti 2018"]
[Site "Barcelona ESP"]
[Date "2018.07.17"]
[Round "5.24"]
[White "Anuj, Shrivatri"]
[Black "Ruperez, Miguel"]
[Result "0-1"]
[WhiteElo "2094"]
[BlackElo "2226"]
[PlyCount "116"]
[EventDate "2018.07.13"]
[EventType "swiss"]
[EventRounds "9"]
[EventCountry "ESP"]
[SourceTitle "Ajedrez en Madrid"]
[Source "lmi"]
[SourceDate "2018.07.13"]
[SourceVersion "1"]
[SourceVersionDate "2019.06.21"]
[SourceQuality "1"]

1. d4 Nf6 2. Nf3 e6 3. e3 c5 4. c4 cxd4 5. exd4 d5 6. Nc3 Be7 7. cxd5 Nxd5 8.
Bd3 O-O 9. O-O Nc6 10. Re1 Nf6 11. a3 b6 12. Bc2 Bb7 13. Qd3 Rc8 14. d5 exd5
15. Bg5 Ne4 16. Nxe4 dxe4 17. Qxe4 g6 18. Bh6 Bf6 19. Bxf8 Qxf8 20. Rab1 Na5
21. Qf4 Kg7 22. Bd3 Nb3 23. h4 Bxf3 24. gxf3 Rc5 25. Rbd1 Rh5 26. Bc2 Rxh4 27.
Qd6 Qc8 28. Re6 Qxe6 29. Qxe6 fxe6 30. Rd7+ Kh6 31. Bxb3 Bxb2 32. Rxa7 e5 33.
Rb7 Bd4 34. Bg8 Kg5 35. Bxh7 Bc5 36. Bg8 Ra4 37. Bd5 Rxa3 38. Be4 Ra2 39. Kg2
Bxf2 40. Rg7 Be3+ 41. Kf1 Kf4 42. Rxg6 Bd4 43. Bd5 Rf2+ 44. Ke1 Ke3 45. Rg8 b5
46. Be4 b4 47. Rb8 Rh2 48. Kd1 Bc3 49. Kc1 Bb2+ 50. Kd1 Rd2+ 51. Ke1 Bc3 52.
Kf1 Rf2+ 53. Kg1 Rxf3 54. Bxf3 Kxf3 55. Kf1 Ke3 56. Rh8 b3 57. Rh3+ Kd2 58.
Rh2+ Kd1 0-1

[Event "20. Obert Int. Sant Marti 2018"]
[Site "Barcelona ESP"]
[Date "2018.07.17"]
[Round "5.25"]
[White "Davtyan, David Arm."]
[Black "Perez Mitjans, Orelvis"]
[Result "0-1"]
[WhiteElo "1926"]
[BlackElo "2399"]
[PlyCount "106"]
[EventDate "2018.07.13"]
[EventType "swiss"]
[EventRounds "9"]
[EventCountry "ESP"]
[SourceTitle "Ajedrez en Madrid"]
[Source "lmi"]
[SourceDate "2018.07.13"]
[SourceVersion "1"]
[SourceVersionDate "2019.06.21"]
[SourceQuality "1"]

1. Nf3 Nc6 2. c4 e5 3. Nc3 Nf6 4. e3 Bb4 5. Nd5 Bd6 6. d4 O-O 7. Nxf6+ Qxf6 8.
d5 Nb8 9. Bd2 a5 10. Qc2 b6 11. a3 a4 12. h4 h6 13. Bd3 Re8 14. Bc3 Na6 15.
Qxa4 Nc5 16. Qc2 Nxd3+ 17. Qxd3 Bf8 18. e4 d6 19. h5 Bd7 20. Qe3 Qd8 21. Nh4
Bg4 22. Nf5 Qc8 23. Ng3 Be7 24. f3 Bd7 25. b3 c6 26. dxc6 Qxc6 27. a4 Qc8 28.
Qd3 Bg5 29. O-O Qc5+ 30. Kh1 Bf4 31. Ne2 Be6 32. g4 Bg5 33. Rad1 Rad8 34. Bd2
Bh4 35. Be3 Qc7 36. Nc3 g6 37. hxg6 fxg6 38. Nd5 Qf7 39. Kg2 g5 40. Bf2 Rf8 41.
Bxh4 gxh4 42. Qe3 Qg7 43. Kf2 Rd7 44. Ke2 Rdf7 45. Rf2 Bxg4 46. Rg1 h5 47. Kd3
h3 48. Ne7+ Kh7 49. Nf5 Rxf5 50. exf5 Bxf5+ 51. Ke2 Qxg1 52. Qxb6 h2 53. Qc7+
Kg8 0-1

[Event "20. Obert Int. Sant Marti 2018"]
[Site "Barcelona ESP"]
[Date "2018.07.17"]
[Round "5.27"]
[White "Jaeel, Atharva"]
[Black "Harikrishnan.A.Ra"]
[Result "0-1"]
[WhiteElo "2083"]
[BlackElo "2204"]
[PlyCount "62"]
[EventDate "2018.07.13"]
[EventType "swiss"]
[EventRounds "9"]
[EventCountry "ESP"]
[SourceTitle "Ajedrez en Madrid"]
[Source "lmi"]
[SourceDate "2018.07.13"]
[SourceVersion "1"]
[SourceVersionDate "2019.06.21"]
[SourceQuality "1"]

1. d4 Nf6 2. Nf3 e6 3. c4 Bb4+ 4. Bd2 Qe7 5. g3 Nc6 6. Nc3 O-O 7. Bg2 d6 8. d5
Nb8 9. dxe6 fxe6 10. O-O Kh8 11. Rc1 a5 12. Qc2 Nbd7 13. Rfd1 Bc5 14. Bg5 Qf7
15. Bf4 e5 16. Bd2 Qxc4 17. Ng5 Qg8 18. Nb5 c6 19. Nc7 Bxf2+ 20. Kh1 Rb8 21.
Rf1 Bb6 22. Nce6 Re8 23. Be4 g6 24. Qb3 d5 25. Rxf6 Nxf6 26. Qf3 Rxe6 27. Nxe6
Qxe6 28. Bg5 Nxe4 29. Qf8+ Qg8 30. Bf6+ Nxf6 31. Qxf6+ Qg7 0-1

[Event "20. Obert Int. Sant Marti 2018"]
[Site "Barcelona ESP"]
[Date "2018.07.17"]
[Round "5.28"]
[White "Samant, Aditya S"]
[Black "Segarra Calderer, Albert"]
[Result "1-0"]
[WhiteElo "2191"]
[BlackElo "2095"]
[PlyCount "93"]
[EventDate "2018.07.13"]
[EventType "swiss"]
[EventRounds "9"]
[EventCountry "ESP"]
[SourceTitle "Ajedrez en Madrid"]
[Source "lmi"]
[SourceDate "2018.07.13"]
[SourceVersion "1"]
[SourceVersionDate "2019.06.21"]
[SourceQuality "1"]

1. e4 e6 2. d4 d5 3. Nd2 dxe4 4. Nxe4 Nd7 5. Nf3 Ngf6 6. Nxf6+ Nxf6 7. Bd3 c5
8. O-O cxd4 9. Nxd4 Bc5 10. Nb3 Be7 11. Bf4 O-O 12. Bg3 b6 13. Qe2 Bb7 14. Rad1
Qc8 15. Be5 Qc6 16. f3 Rad8 17. c3 Qc8 18. Qc2 Rxd3 19. Rxd3 Ba6 20. Rfd1 Bxd3
21. Qxd3 Rd8 22. Qe2 Rxd1+ 23. Qxd1 Qd7 24. Qxd7 Nxd7 25. Bd4 e5 26. Bf2 f5 27.
Kf1 Kf7 28. Ke2 Ke6 29. Kd3 Kd5 30. c4+ Kc6 31. Be1 a5 32. Bc3 Bd6 33. Ke2 g6
34. g3 Nc5 35. Nxc5 Kxc5 36. b3 g5 37. g4 fxg4 38. fxg4 e4 39. Ke3 Bxh2 40.
Kxe4 a4 41. Bd4+ Kb4 42. Bxb6 axb3 43. axb3 Kxb3 44. c5 Bg1 45. Ba7 Bh2 46. c6
Bc7 47. Bd4 1-0

[Event "20. Obert Int. Sant Marti 2018"]
[Site "Barcelona ESP"]
[Date "2018.07.17"]
[Round "5.29"]
[White "Persson, Andreas"]
[Black "Miralles Brugues, Jordi"]
[Result "1-0"]
[WhiteElo "2126"]
[BlackElo "2011"]
[PlyCount "43"]
[EventDate "2018.07.13"]
[EventType "swiss"]
[EventRounds "9"]
[EventCountry "ESP"]
[SourceTitle "Ajedrez en Madrid"]
[Source "lmi"]
[SourceDate "2018.07.13"]
[SourceVersion "1"]
[SourceVersionDate "2019.06.21"]
[SourceQuality "1"]

1. d4 c5 2. d5 d6 3. c4 b5 4. cxb5 a6 5. bxa6 Bxa6 6. Nc3 Nf6 7. e4 Bxf1 8.
Kxf1 Nbd7 9. Nf3 g6 10. g3 Bg7 11. Kg2 Qb6 12. a4 O-O 13. Qe2 Ne8 14. Bg5 f6
15. Be3 Nc7 16. Rhb1 Na6 17. Nd2 Nb4 18. Nc4 Qa6 19. Nb5 Nb6 20. Nxb6 Qxb6 21.
Qc4 Ra5 22. Qxb4 1-0

[Event "20. Obert Int. Sant Marti 2018"]
[Site "Barcelona ESP"]
[Date "2018.07.17"]
[Round "5.30"]
[White "Brunet Gil, Pol"]
[Black "Low, Kevin"]
[Result "0-1"]
[WhiteElo "2052"]
[BlackElo "2122"]
[PlyCount "64"]
[EventDate "2018.07.13"]
[EventType "swiss"]
[EventRounds "9"]
[EventCountry "ESP"]
[SourceTitle "Ajedrez en Madrid"]
[Source "lmi"]
[SourceDate "2018.07.13"]
[SourceVersion "1"]
[SourceVersionDate "2019.06.21"]
[SourceQuality "1"]

1. e4 c5 2. Nf3 d6 3. Bb5+ Nc6 4. d4 cxd4 5. Qxd4 Bd7 6. Bxc6 Bxc6 7. c4 Nf6 8.
Nc3 g6 9. O-O Bg7 10. Qd3 O-O 11. Nd4 Bd7 12. b3 Rc8 13. Bb2 a6 14. Rac1 Qa5
15. Rfd1 b5 16. cxb5 axb5 17. Ndxb5 Nxe4 18. Qxe4 Bxb5 19. Nxb5 Bxb2 20. Rb1
Qxa2 21. Qxe7 Qxb3 22. Nxd6 Rc2 23. Ne4 Qb5 24. Nf6+ Kg7 25. Nxh7 Re8 26. Qh4
Rh8 27. Qe4 Re2 28. Rd5 Qa6 29. Qb4 Qa2 30. Kf1 Rxf2+ 31. Kg1 Qxd5 32. Kxf2
Qf5+ 0-1

[Event "20. Obert Int. Sant Marti 2018"]
[Site "Barcelona ESP"]
[Date "2018.07.17"]
[Round "5.31"]
[White "Anadkat, Kartavya"]
[Black "Rueda Marquez, David J."]
[Result "1-0"]
[WhiteElo "1910"]
[BlackElo "2110"]
[PlyCount "83"]
[EventDate "2018.07.13"]
[EventType "swiss"]
[EventRounds "9"]
[EventCountry "ESP"]
[SourceTitle "Ajedrez en Madrid"]
[Source "lmi"]
[SourceDate "2018.07.13"]
[SourceVersion "1"]
[SourceVersionDate "2019.06.21"]
[SourceQuality "1"]

1. e4 Nf6 2. Nc3 d5 3. e5 Nfd7 4. d4 c5 5. dxc5 e6 6. f4 Nc6 7. Nf3 Bxc5 8. Bd3
a6 9. a3 b5 10. b4 Ba7 11. Qe2 Nd4 12. Nxd4 Bxd4 13. Bb2 Bb7 14. Rb1 O-O 15.
Bxh7+ Kxh7 16. Qd3+ g6 17. Qxd4 Qh4+ 18. Qf2 Qxf2+ 19. Kxf2 Rac8 20. Rhc1 f6
21. exf6 Nxf6 22. Ne2 Ne4+ 23. Ke3 Nd6 24. Kd3 d4 25. Bxd4 Be4+ 26. Ke3 Bxc2
27. Ra1 Nc4+ 28. Kf2 Bd3 29. Rc3 Bxe2 30. Kxe2 e5 31. Rh3+ Kg8 32. fxe5 Rf4 33.
Rd1 Re8 34. Ba1 Rf5 35. Rd5 Nxe5 36. Re3 Rf2+ 37. Ke1 Rxg2 38. Bxe5 Rxh2 39.
Rd7 Rh1+ 40. Kd2 Re6 41. Rc3 Rf1 42. Rc8+ 1-0

[Event "20. Obert Int. Sant Marti 2018"]
[Site "Barcelona ESP"]
[Date "2018.07.17"]
[Round "5.32"]
[White "Supriya, Joshi"]
[Black "Saurabh, Anand"]
[Result "0-1"]
[WhiteElo "1941"]
[BlackElo "2258"]
[PlyCount "64"]
[EventDate "2018.07.13"]
[EventType "swiss"]
[EventRounds "9"]
[EventCountry "ESP"]
[SourceTitle "Ajedrez en Madrid"]
[Source "lmi"]
[SourceDate "2018.07.13"]
[SourceVersion "1"]
[SourceVersionDate "2019.06.21"]
[SourceQuality "1"]

1. d4 Nf6 2. c4 e6 3. g3 Bb4+ 4. Bd2 a5 5. Nf3 d6 6. Bg2 Nbd7 7. O-O e5 8. a3
Bxd2 9. Qxd2 O-O 10. Nc3 Qe7 11. b4 c6 12. e4 exd4 13. Qxd4 Ne5 14. c5 Nxf3+
15. Bxf3 dxc5 16. Qxc5 Qxc5 17. bxc5 a4 18. Bd1 Ra5 19. Nxa4 Nxe4 20. Rc1 Be6
21. Bc2 Nd2 22. Rfd1 Rd8 23. Nb6 Rxc5 24. Bxh7+ Kxh7 25. Rxc5 Nf3+ 26. Kg2 Rxd1
27. Kxf3 Rd3+ 28. Ke4 Rxa3 29. f4 Ra6 30. f5 Rxb6 31. fxe6 fxe6 32. Re5 Rb2 0-1

[Event "20. Obert Int. Sant Marti 2018"]
[Site "Barcelona ESP"]
[Date "2018.07.17"]
[Round "5.33"]
[White "Perez Pastora, Evarist"]
[Black "Magallanes, Gustavo"]
[Result "1-0"]
[WhiteElo "2103"]
[BlackElo "1952"]
[PlyCount "69"]
[EventDate "2018.07.13"]
[EventType "swiss"]
[EventRounds "9"]
[EventCountry "ESP"]
[SourceTitle "Ajedrez en Madrid"]
[Source "lmi"]
[SourceDate "2018.07.13"]
[SourceVersion "1"]
[SourceVersionDate "2019.06.21"]
[SourceQuality "1"]

1. e4 c5 2. Nf3 e6 3. d4 cxd4 4. Nxd4 Nc6 5. Be3 Qc7 6. Nc3 a6 7. Be2 b5 8.
Nxc6 Qxc6 9. e5 Bb7 10. Bf3 Qc7 11. Bd4 Ne7 12. Ne4 Nf5 13. c3 Nh4 14. O-O Rc8
15. b4 Nxf3+ 16. Qxf3 Qc6 17. Rfe1 Be7 18. Qg4 Kf8 19. Re3 h5 20. Qf4 g5 21.
Qg3 h4 22. Qg4 h3 23. Rxh3 Rxh3 24. Qxh3 Kg7 25. Re1 Rh8 26. Qg3 Rh4 27. f3 g4
28. Nf6 Rh6 29. Re4 Rg6 30. Rxg4 Bxb4 31. Rxg6+ fxg6 32. Qh4 d5 33. Qh7+ Kf8
34. Qh6+ Ke7 35. cxb4 1-0

[Event "20. Obert Int. Sant Marti 2018"]
[Site "Barcelona ESP"]
[Date "2018.07.17"]
[Round "5.34"]
[White "Niklesh, Kumar Jain"]
[Black "Khudov, Oleksandr"]
[Result "0-1"]
[WhiteElo "1955"]
[BlackElo "2093"]
[PlyCount "90"]
[EventDate "2018.07.13"]
[EventType "swiss"]
[EventRounds "9"]
[EventCountry "ESP"]
[SourceTitle "Ajedrez en Madrid"]
[Source "lmi"]
[SourceDate "2018.07.13"]
[SourceVersion "1"]
[SourceVersionDate "2019.06.21"]
[SourceQuality "1"]

1. d4 d5 2. Bf4 Nf6 3. e3 c5 4. Nc3 a6 5. dxc5 Nc6 6. Nf3 e6 7. Na4 Nd7 8. c4
Nxc5 9. cxd5 Nxa4 10. Qxa4 Qxd5 11. a3 b5 12. Qc2 Bb7 13. Rd1 Qc5 14. Qxc5 Bxc5
15. Be2 Ne7 16. O-O Nd5 17. Be5 O-O 18. Rc1 Rac8 19. Bd4 Be7 20. b4 Rfd8 21.
Rfd1 f6 22. Bb2 e5 23. Kf1 Kf7 24. Ke1 Nb6 25. Rxd8 Rxc1+ 26. Bxc1 Bxd8 27. Bf1
Bd5 28. Kd2 Bc4 29. Bxc4+ Nxc4+ 30. Kc3 Ke6 31. Ne1 Kd5 32. Nc2 e4 33. h3 f5
34. Kb3 Bf6 35. a4 Be5 36. axb5 axb5 37. Na3 Nxa3 38. Bxa3 g5 39. g4 fxg4 40.
hxg4 Bh2 41. Bb2 Bg1 42. Bf6 h6 43. Bg7 Bxf2 44. Bxh6 Bxe3 45. Kc2 Ke5 0-1

[Event "20. Obert Int. Sant Marti 2018"]
[Site "Barcelona ESP"]
[Date "2018.07.17"]
[Round "5.35"]
[White "Rojas Fernandez, Andres"]
[Black "Gonzalez Saguillo, Oriol"]
[Result "0-1"]
[WhiteElo "1933"]
[BlackElo "2090"]
[PlyCount "134"]
[EventDate "2018.07.13"]
[EventType "swiss"]
[EventRounds "9"]
[EventCountry "ESP"]
[SourceTitle "Ajedrez en Madrid"]
[Source "lmi"]
[SourceDate "2018.07.13"]
[SourceVersion "1"]
[SourceVersionDate "2019.06.21"]
[SourceQuality "1"]

1. d4 Nf6 2. Bf4 g6 3. e3 Bg7 4. Nf3 d6 5. h3 O-O 6. Bd3 Nbd7 7. O-O Re8 8. e4
e5 9. dxe5 Nxe5 10. Nxe5 dxe5 11. Bg5 c6 12. Nc3 Qc7 13. Qf3 Nh5 14. Ne2 h6 15.
Be3 Qe7 16. Bc4 Nf6 17. Rfd1 a5 18. a4 Nh7 19. Bc5 Qf6 20. Qb3 Ng5 21. Rd6 Ne6
22. Bxe6 Bxe6 23. Qe3 Qg5 24. Qxg5 hxg5 25. Bb6 Bf6 26. Rad1 Be7 27. R6d2 g4
28. hxg4 Bxg4 29. f3 Be6 30. Nc1 Bb4 31. Rd8 Bc5+ 32. Bxc5 Rexd8 33. Rxd8+ Rxd8
34. Nd3 Bb3 35. Bb6 Rd7 36. Nxe5 Rd1+ 37. Kh2 Bxc2 38. Bxa5 Bxa4 39. Bc3 Bb5
40. g4 c5 41. g5 Bd7 42. b4 cxb4 43. Bxb4 Be6 44. Kg2 Rb1 45. Be7 b5 46. Nc6
Rc1 47. Nb4 Rc7 48. Bd6 Rd7 49. e5 Ra7 50. Kf2 Ra1 51. Ke3 Rf1 52. Be7 Re1+ 53.
Kf4 Bc8 54. Kg3 Rxe5 55. Bf6 Rc5 56. Be7 Rf5 57. f4 Bb7 58. Bf6 Rc5 59. Be7 Rc4
60. Bd6 Be4 61. Kf2 Rd4 62. Bc5 Rd1 63. Ke2 Rd7 64. Ke3 Bf5 65. Na6 Rd3+ 66.
Ke2 Rc3 67. Bd6 Rc6 0-1

[Event "20. Obert Int. Sant Marti 2018"]
[Site "Barcelona ESP"]
[Date "2018.07.17"]
[Round "5.36"]
[White "Kumar, Gaurav"]
[Black "Cabot Muntane, Jordi"]
[Result "1-0"]
[WhiteElo "2074"]
[BlackElo "1933"]
[PlyCount "59"]
[EventDate "2018.07.13"]
[EventType "swiss"]
[EventRounds "9"]
[EventCountry "ESP"]
[SourceTitle "Ajedrez en Madrid"]
[Source "lmi"]
[SourceDate "2018.07.13"]
[SourceVersion "1"]
[SourceVersionDate "2019.06.21"]
[SourceQuality "1"]

1. e4 c6 2. d4 d5 3. Nd2 dxe4 4. Nxe4 Nd7 5. Ng5 Ngf6 6. Bd3 g6 7. h4 Bg7 8. h5
gxh5 9. Qe2 Nf8 10. c3 Ng6 11. Bd2 Qc7 12. Bc4 e6 13. O-O-O h6 14. Ne4 Nd5 15.
Qxh5 Qe7 16. Nf3 Bd7 17. Ne5 Nxe5 18. dxe5 O-O-O 19. Nd6+ Kb8 20. Qxf7 Rdf8 21.
Qxe7 Nxe7 22. f4 Nd5 23. g3 h5 24. Rh4 Ne7 25. Rdh1 Nf5 26. Nxf5 exf5 27. Rxh5
Rxh5 28. Rxh5 Rh8 29. Rxh8+ Bxh8 30. Bf7 1-0

[Event "20. Obert Int. Sant Marti 2018"]
[Site "Barcelona ESP"]
[Date "2018.07.17"]
[Round "5.37"]
[White "Alcaraz Lopez, Francesc"]
[Black "Gomez Barrera, Javiera Belen"]
[Result "0-1"]
[WhiteElo "1889"]
[BlackElo "2063"]
[PlyCount "92"]
[EventDate "2018.07.13"]
[EventType "swiss"]
[EventRounds "9"]
[EventCountry "ESP"]
[SourceTitle "Ajedrez en Madrid"]
[Source "lmi"]
[SourceDate "2018.07.13"]
[SourceVersion "1"]
[SourceVersionDate "2019.06.21"]
[SourceQuality "1"]

1. c4 Nf6 2. Nc3 g6 3. g3 Bg7 4. Bg2 O-O 5. Nf3 d6 6. O-O Nc6 7. d3 e5 8. e4 h6
9. a3 a5 10. Rb1 Bg4 11. h3 Be6 12. Be3 Ne8 13. Qd2 Kh7 14. Nd5 Nd4 15. Ne1 c6
16. Nc3 Qd7 17. Kh2 f5 18. f4 Nf6 19. b3 Ra6 20. Nf3 Nh5 21. exf5 gxf5 22. Bxd4
exd4 23. Ne2 c5 24. a4 Raa8 25. Ne1 Rfe8 26. Nc2 Re7 27. Rbe1 Nf6 28. Ng1 Qc7
29. Nf3 Rae8 30. Re2 b6 31. Rfe1 Qd7 32. Na3 Nh5 33. Nb5 Bf6 34. Rg1 Rg8 35.
Bf1 Reg7 36. Reg2 Bf7 37. Be2 Bd8 38. Qd1 Nf6 39. Na3 Be6 40. Nc2 Kh8 41. Nce1
Qe8 42. Nd2 Bd7 43. Bf3 Qf7 44. Nf1 Ng4+ 45. hxg4 fxg4 46. Bd5 Qh5# 0-1

[Event "20. Obert Int. Sant Marti 2018"]
[Site "Barcelona ESP"]
[Date "2018.07.17"]
[Round "5.38"]
[White "Pena Mor, David"]
[Black "Guix Torres, David"]
[Result "0-1"]
[WhiteElo "1858"]
[BlackElo "2059"]
[PlyCount "52"]
[EventDate "2018.07.13"]
[EventType "swiss"]
[EventRounds "9"]
[EventCountry "ESP"]
[SourceTitle "Ajedrez en Madrid"]
[Source "lmi"]
[SourceDate "2018.07.13"]
[SourceVersion "1"]
[SourceVersionDate "2019.06.21"]
[SourceQuality "1"]

1. d4 Nf6 2. c4 c5 3. d5 b5 4. Qc2 bxc4 5. e4 e6 6. Bxc4 exd5 7. exd5 d6 8. Ne2
Be7 9. O-O O-O 10. Nbc3 Nbd7 11. Ng3 Nb6 12. b3 Bb7 13. Qd3 Ng4 14. Nf5 Bf6 15.
Qg3 Nxc4 16. bxc4 Bc8 17. Qxg4 Bxc3 18. Bg5 Qd7 19. Rac1 Bd4 20. Ne7+ Qxe7 21.
Bxe7 Bxg4 22. Bxf8 Kxf8 23. Rb1 Be2 24. Rfc1 Re8 25. Rb7 Bd3 26. Rxa7 Re2 0-1

[Event "20. Obert Int. Sant Marti 2018"]
[Site "Barcelona ESP"]
[Date "2018.07.17"]
[Round "5.39"]
[White "Varela Cuadrado, Cesar"]
[Black "Moreno Garcia, Elizabeth Paola"]
[Result "1/2-1/2"]
[WhiteElo "1856"]
[BlackElo "2029"]
[PlyCount "47"]
[EventDate "2018.07.13"]
[EventType "swiss"]
[EventRounds "9"]
[EventCountry "ESP"]
[SourceTitle "Ajedrez en Madrid"]
[Source "lmi"]
[SourceDate "2018.07.13"]
[SourceVersion "1"]
[SourceVersionDate "2019.06.21"]
[SourceQuality "1"]

1. e4 c5 2. Nf3 e6 3. g3 Nc6 4. Bg2 Nf6 5. d3 d5 6. exd5 Nxd5 7. O-O Be7 8. d4
O-O 9. dxc5 Bxc5 10. c3 a5 11. a4 Qe7 12. Nbd2 Rd8 13. Qc2 b6 14. Ne4 Ba6 15.
Re1 Rac8 16. Nxc5 Qxc5 17. Ng5 g6 18. Ne4 Qe7 19. Qb3 f6 20. Bh6 Ne5 21. Ng5
Bc4 22. Qc2 Bd3 23. Qb3 Bc4 24. Qc2 1/2-1/2

[Event "20. Obert Int. Sant Marti 2018"]
[Site "Barcelona ESP"]
[Date "2018.07.17"]
[Round "5.40"]
[White "Kavisha, S Shah"]
[Black "Castrillo Mansego, Pablo"]
[Result "0-1"]
[WhiteElo "1723"]
[BlackElo "2020"]
[PlyCount "52"]
[EventDate "2018.07.13"]
[EventType "swiss"]
[EventRounds "9"]
[EventCountry "ESP"]
[SourceTitle "Ajedrez en Madrid"]
[Source "lmi"]
[SourceDate "2018.07.13"]
[SourceVersion "1"]
[SourceVersionDate "2019.06.21"]
[SourceQuality "1"]

1. e4 e6 2. d4 d5 3. Nd2 Nf6 4. e5 Nfd7 5. Bd3 c5 6. c3 Nc6 7. Ne2 f6 8. exf6
Nxf6 9. O-O cxd4 10. cxd4 Bd6 11. Nf3 Bd7 12. Bd2 O-O 13. Bc3 Nh5 14. Ne5 Nxe5
15. dxe5 Bc5 16. Bd2 Qh4 17. g3 Qh3 18. Bxh7+ Kh8 19. Bg6 Be8 20. Bxh5 Bxh5 21.
Nf4 Rxf4 22. Bxf4 Bxd1 23. Rfxd1 Rf8 24. b4 Bxb4 25. Rab1 Bc5 26. Rxb7 Rxf4 0-1

[Event "20. Obert Int. Sant Marti 2018"]
[Site "Barcelona ESP"]
[Date "2018.07.17"]
[Round "5.41"]
[White "Marchador Villalba, Jordi"]
[Black "Yang, Jack Nathaniel"]
[Result "1-0"]
[WhiteElo "2009"]
[BlackElo "1661"]
[PlyCount "77"]
[EventDate "2018.07.13"]
[EventType "swiss"]
[EventRounds "9"]
[EventCountry "ESP"]
[SourceTitle "Ajedrez en Madrid"]
[Source "lmi"]
[SourceDate "2018.07.13"]
[SourceVersion "1"]
[SourceVersionDate "2019.06.21"]
[SourceQuality "1"]

1. d4 Nf6 2. Bg5 Ne4 3. Bh4 d5 4. f3 Nd6 5. Nc3 Nc4 6. Qc1 c6 7. e4 Qb6 8. Bxc4
dxc4 9. Bf2 e6 10. Nge2 Qd8 11. O-O b5 12. a3 a6 13. Rd1 Bb7 14. d5 cxd5 15.
exd5 e5 16. Qe3 Bd6 17. Ne4 O-O 18. Nxd6 Qxd6 19. Nc3 f5 20. Re1 Nd7 21. Rad1
Rae8 22. g3 f4 23. Qe2 Nf6 24. Ne4 Nxe4 25. Qxe4 g5 26. c3 Bc8 27. g4 h5 28. h3
hxg4 29. hxg4 Bb7 30. Kg2 Rf6 31. Rh1 Re7 32. Rh5 Rg7 33. Re1 Bxd5 34. Qxe5
Rfg6 35. Qe8+ Qf8 36. Rh8+ Kxh8 37. Qxf8+ Kh7 38. Rh1+ Rh6 39. Bd4 1-0

[Event "20. Obert Int. Sant Marti 2018"]
[Site "Barcelona ESP"]
[Date "2018.07.17"]
[Round "5.42"]
[White "Bhuta, Hriday"]
[Black "Chang, Suzana"]
[Result "1-0"]
[WhiteElo "1650"]
[BlackElo "2005"]
[PlyCount "117"]
[EventDate "2018.07.13"]
[EventType "swiss"]
[EventRounds "9"]
[EventCountry "ESP"]
[SourceTitle "Ajedrez en Madrid"]
[Source "lmi"]
[SourceDate "2018.07.13"]
[SourceVersion "1"]
[SourceVersionDate "2019.06.21"]
[SourceQuality "1"]

1. d4 Nf6 2. c4 e6 3. Nc3 Bb4 4. Qc2 c5 5. e3 O-O 6. Nf3 d5 7. Bd3 dxc4 8. Bxc4
cxd4 9. exd4 Nc6 10. Be3 b6 11. O-O Bb7 12. Qe2 Na5 13. Bd3 Rc8 14. Rac1 Bxc3
15. bxc3 Qd5 16. c4 Qh5 17. Bf4 Rfd8 18. Rfd1 Qg4 19. Bg3 Nh5 20. Qe3 Nxg3 21.
hxg3 h6 22. Ne5 Qg5 23. f4 Qf6 24. g4 Nc6 25. g5 hxg5 26. fxg5 Qe7 27. g6 Nxe5
28. Qxe5 Qf6 29. gxf7+ Kf8 30. Qxf6 gxf6 31. Bg6 Kg7 32. Bh5 Rh8 33. Bg4 f5 34.
Bf3 Bxf3 35. gxf3 Kxf7 36. Rd2 Rh3 37. Kf2 e5 38. d5 f4 39. Ke2 Rg8 40. Rf1 Ke7
41. Kd3 Kd6 42. Ke4 Rhg3 43. Rh1 R3g6 44. Rh5 Rc8 45. Rc2 Re8 46. Rh7 Rg1 47.
Rh6+ Kc5 48. Rc6+ Kb4 49. Re6 Re1+ 50. Kf5 Rf8+ 51. Rf6 Rh8 52. d6 Kc5 53. d7
Rd8 54. Ke6 Kc6 55. Ke7+ Kc7 56. Rd2 e4 57. Rc6+ Kxc6 58. Kxd8 exf3 59. Kc8 1-0